LIBRARY & INFORMATION CENTRE, KCAET, TAVANUR

ONLINE PUBLIC ACCESS CATALOGUE (OPAC)

Biotechnology: concepts and applications (Record no. 13993)

MARC details
000 -LEADER
fixed length control field 00269nam a22001097a 4500
020 ## - INTERNATIONAL STANDARD BOOK NUMBER
ISBN 9789382036272
082 ## - DEWEY DECIMAL CLASSIFICATION NUMBER
Classification number 660.6
Item number RAO/BI
100 ## - MAIN ENTRY--AUTHOR NAME
Personal name Rao, Madhusudan
245 ## - TITLE STATEMENT
Title Biotechnology: concepts and applications
260 ## - PUBLICATION, DISTRIBUTION, ETC. (IMPRINT)
Place of publication New Delhi
Name of publisher Black Prints
Year of publication 2013
942 ## - ADDED ENTRY ELEMENTS (KOHA)
Koha item type Books
Holdings
Withdrawn status Lost status Damaged status Collection code Home library Current library Shelving location Date acquired Source of acquisition Cost, normal purchase price Full call number Accession Number Koha item type
      Non-fiction KAUAET KAUAET General Stacks 30/03/2013 A & A , Tvpm 750.00 660.6 RAO/BI 23818 Books
free website counter